Vivo hasta la muerte

Saved in:
Bibliographic Details
Main Author: Ricoeur, Paul (Author)
Format: Book
Language:Spanish
Published: Buenos Aires Fondo de Cultura Económica 2008
Edition:1a. ed
Series:Sección de Obras de Filosofía
Subjects:
Tags: Add Tag
No Tags, Be the first to tag this record!

MARC

LEADER 00000cam a2200000 a 4500
001 UCI9591
003 CL-VaPUC
008 081128e20080000AG |||||||||||||||||spa|d
020 |a 9789505577613 
082 0 4 |a 844  |b RIC  |2 21 
100 0 |a Ricoeur, Paul  |e author  |9 446 
245 1 0 |a Vivo hasta la muerte 
246 1 0 |a Fragmentos 
250 |a 1a. ed 
300 |a 117 p 
942 |c BK 
945 |d 20081128 00:00:00  |a rbrito 
260 |a Buenos Aires  |b Fondo de Cultura Económica  |c 2008 
650 0 |a Ensayos franceses  |9 265511 
583 |a last modification  |c 20160404 11:20:49  |k Rodrigo Vera 
490 0 |a Sección de Obras de Filosofía 
999 |c 332104  |d 332102 
952 |0 0  |1 0  |3 erb  |4 0  |6 844_000000000000000_RIC_2008  |7 0  |8 A  |9 419484  |a BIBEDU  |b BIBEDU  |i 5197007  |o 844 RIC 2008  |p 5197007  |r 2019-11-22  |w 2019-11-22  |y BK  |z Catalogado en:20150904  |k FIL